00313nam a2200097Ia 4500008004100000082002100041100002800062245009200090260002400182300000900206210430s9999 xx 000 0 und d a620.1126 M5781 M aH.Kitagawa. T.Aihara Jr aMesoscopic Dynamics of Fracture Computational Materials DesigncH.Kitagawa. T.Aihara Jr aUSAbSpringerc1998 a253p